|
|
|
|
| LEADER |
00000nam0a2200000 4500 |
| 001 |
355796 |
| 005 |
20231102010830.0 |
| 035 |
|
|
|a (RuTPU)RU\TPU\retro\13056
|
| 090 |
|
|
|a 355796
|
| 100 |
|
|
|a 20200713d1973 km y0rusy50 ca
|
| 101 |
0 |
|
|a rus
|
| 102 |
|
|
|a KZ
|
| 105 |
|
|
|a a z 001zy
|
| 200 |
1 |
|
|a Языкознание и математика
|f Т. И. Дешериева
|g Академия наук Казахской ССР, Институт языкознания
|
| 210 |
|
|
|a Алма-Ата
|c Наука
|d 1973
|
| 215 |
|
|
|a 84 с.
|c ил.
|
| 320 |
|
|
|a Библиография в ссылках
|
| 606 |
1 |
|
|a Языкознание
|x Математические методы
|2 stltpush
|3 (RuTPU)RU\TPU\subj\21805
|9 46740
|
| 610 |
1 |
|
|a научное познание
|
| 610 |
1 |
|
|a математика
|
| 610 |
1 |
|
|a язык
|
| 610 |
1 |
|
|a системный подход
|
| 610 |
1 |
|
|a моделирование
|
| 610 |
1 |
|
|a вероятностно-статистические методы
|
| 610 |
1 |
|
|a математическая логика
|
| 686 |
|
|
|a Ш1в6
|v LBC/SL-A
|2 rubbk
|
| 700 |
|
1 |
|a Дешериева
|b Т. И.
|g Тамара Ивановна
|
| 712 |
0 |
2 |
|a Академия наук Казахской ССР
|b Институт языкознания
|2 stltpush
|3 (RuTPU)RU\TPU\col\27723
|
| 801 |
|
1 |
|a RU
|b 63413507
|c 20200713
|
| 801 |
|
2 |
|a RU
|b 63413507
|c 20210302
|g RCR
|
| 942 |
|
|
|c BK
|